Statistics for Ben Affleck Movies

Click here to take the quiz!

General Stats

  • This quiz has been taken 964 times
    (748 since last reset)
  • The average score is 12 of 40

Answer Stats

YearFilm% Correct
1997Good Will Hunting
87%
2012Argo
79%
2003Daredevil
70%
2003Gigli
69%
2010The Town
62%
1998Armageddon
60%
1999Dogma
57%
1997Chasing Amy
55%
2001Pearl Harbor
51%
2001Jay and Silent Bob Strike Back
49%
2004Jersey Girl
49%
1995Mallrats
44%
2000Reindeer Games
38%
2002The Sum of All Fears
35%
2006Clerks II
33%
2003Paycheck
29%
1992School Ties
29%
1993Dazed and Confused
28%
2002Changing Lanes
27%
1999Forces of Nature
26%
2000Bounce
23%
1998Shakespeare in Love
22%
2000Boiler Room
19%
2006Hollywoodland
19%
2009He's Just Not That Into You
17%
2013Runner Runner
17%
1998Phantoms
15%
2004Surviving Christmas
13%
2010The Company Men
13%
2009State Of Play
12%
2006Smokin' Aces
11%
1995Glory Daze
10%
2012To The Wonder
9%
1999200 Cigarettes
7%
2009Extract
7%
2006Man About Town
5%
2002The Third Wheel
5%
2001Daddy and Them
4%
1997Going All the Way
4%
1981The Dark End of the Street
3%

Score Distribution

Percentile by Number Answered

Percent of People with Each Score

Your Score History

You have not taken this quiz since the last reset